BTS Songs - Scrambles #4 - Statistics

General Stats
  • This quiz has been taken 9 times
  • The average score is 10 of 20
Answer Stats
Scramble Song % Correct
PMANANAN Anpanman
100%
NDA DNA
100%
IEPUORHA Euphoria
100%
0.2 2.0
86%
UNR Run
86%
MWSI SWIM
86%
DLOI IDOL
71%
PCR MIOD MIC Drop
71%
BPT T2RYIS EP. C: TCHYTRHP BTS Cypher Pt. 2: Triptych
57%
YFO ORU For You
57%
TYAS STAY
57%
YTO ATNOD Not Today
43%
EA/2=E74VNH 24/7=Heaven
29%
NINB SROGER Born Singer
14%
FEEOCF Coffee
14%
NTE KM WOLE Let Me Know
14%
REDAPAIS Paradise
14%
LB AEA ETRUEOWRLRE : PLF EOHENTT We are Bulletproof : the Eternal
14%
ANLI ILKSMEA Like Animals
0%
YTT OO MCEE Yet To Come
0%
No matching quizzes found
Score Distribution
Percent of People with Each Score
Percentile by Number Answered
Your Score History
You have not taken this quiz